Fundamentals of analytical chemistry / (Record no. 7753)

MARC details
000 -LEADER
fixed length control field 01347cam a2200433 i 4500
003 - CONTROL NUMBER IDENTIFIER
control field EG-ScBUE
005 - DATE AND TIME OF LATEST TRANSACTION
control field 20250731094505.0
006 - FIXED-LENGTH DATA ELEMENTS--ADDITIONAL MATERIAL CHARACTERISTICS--GENERAL INFORMATION
fixed length control field m||||fq||h 00| 0
008 - FIXED-LENGTH DATA ELEMENTS--GENERAL INFORMATION
fixed length control field 100325t2004 caua f d 001 0 eng d
020 ## - INTERNATIONAL STANDARD BOOK NUMBER
International Standard Book Number 0534417973
020 ## - INTERNATIONAL STANDARD BOOK NUMBER
International Standard Book Number 0534417965 (CD-ROM)
020 ## - INTERNATIONAL STANDARD BOOK NUMBER
International Standard Book Number 9780534417970
035 ## - SYSTEM CONTROL NUMBER
System control number (DLC) 2003105608
040 ## - CATALOGING SOURCE
Original cataloging agency EG-ScBUE
Language of cataloging eng
Description conventions rda
Modifying agency EG-ScBUE
Transcribing agency EG-ScBUE
082 04 - DEWEY DECIMAL CLASSIFICATION NUMBER
Classification number 543
Item number FUN
Edition number 22
245 00 - TITLE STATEMENT
Title Fundamentals of analytical chemistry /
Statement of responsibility, etc Skoog, Douglas A. [and three others]
246 30 - VARYING FORM OF TITLE
Title proper/short title Analytical chemistry
250 ## - EDITION STATEMENT
Edition statement Eight edition.
250 ## - EDITION STATEMENT
Edition statement International edition.
264 #1 - PUBLICATION, DISTRIBUTION, ETC. (IMPRINT)
Place of publication, distribution, etc Belmont :
Name of publisher, distributor, etc Thomson-Brooks/Cole,
Date of publication, distribution, etc [2004]
264 #4 - PUBLICATION, DISTRIBUTION, ETC. (IMPRINT)
Date of publication, distribution, etc c2004
300 ## - PHYSICAL DESCRIPTION
Extent 1 volume (various pagings) :
Other physical details illustrations (some color) ;
Dimensions 27 cm +
Accompanying material 1 CD
336 ## - CONTENT TYPE
Source rdacontent
Content type term text
Content type code txt
336 ## - CONTENT TYPE
Source rdacontent
Content type term sounds
Content type code snd
337 ## - MEDIA TYPE
Media type term unmediated
Source rdamedia
Media type code n
337 ## - MEDIA TYPE
Media type term audio
Source rdamedia
Media type code s
338 ## - CARRIER TYPE
Carrier type term volume
Carrier type code nc
Source rdacarrier
338 ## - CARRIER TYPE
Carrier type term computer disc
Carrier type code CD
Source rdacarrier
500 ## - GENERAL NOTE
General note Includes index.
500 ## - GENERAL NOTE
General note Includes glossary.
500 ## - GENERAL NOTE
General note Includes appendix.
590 ## - LOCAL NOTE (RLIN)
Local note doaa mohamed
650 #7 - SUBJECT ADDED ENTRY--TOPICAL TERM
Topical term or geographic name as entry element Chemistry, Analytic.
9 (RLIN) 13137
Source of heading or term BUEsh
651 ## - SUBJECT ADDED ENTRY--GEOGRAPHIC NAME
Source of heading or term BUEsh
653 ## - INDEX TERM--UNCONTROLLED
Resource For college Pharmacy
Arrived date list August2015
655 ## - INDEX TERM--GENRE/FORM
Form subdivision Reading book
700 1# - ADDED ENTRY--PERSONAL NAME
Personal name Skoog, Douglas A.,
Relator term author.
9 (RLIN) 13138
942 ## - ADDED ENTRY ELEMENTS (KOHA)
Koha item type Book - Borrowing
Source of classification or shelving scheme Dewey Decimal Classification
Holdings
Withdrawn status Lost status Source of classification or shelving scheme Damaged status Not for loan Collection code Home library Current library Shelving location Date acquired Source of acquisition Total Checkouts Total Renewals Full call number Barcode Date last seen Date checked out Koha item type Materials specified (bound volume or other part) Cost, normal purchase price Serial Enumeration / chronology
    Dewey Decimal Classification       Central Library Central Library First floor 05/02/2008   2 2 543 FUN 000009456 15/07/2025 09/03/2010 Book - Borrowing      
    Dewey Decimal Classification       Central Library Central Library First floor 05/02/2008 Purchase 7 26 543 FUN 000009457 15/07/2025 24/03/2011 Book - Borrowing      
    Dewey Decimal Classification     Baccah Central Library Central Library First floor 25/03/2010   2   543 FUN 000020345 15/07/2025 10/02/2011 Book - Borrowing      
    Dewey Decimal Classification     Baccah Central Library Central Library First floor 25/03/2010   1   543 FUN 000020346 24/08/2022 25/03/2010 CD | DVD - With book (NB)      
    Dewey Decimal Classification     Baccah Central Library Central Library First floor 25/03/2010       543 FUN 000020348 15/07/2025   Book - Borrowing      
    Dewey Decimal Classification     Baccah Central Library Central Library First floor 25/03/2010   2   543 FUN 000020349 15/07/2025 14/09/2013 Book - Borrowing      
    Dewey Decimal Classification     Baccah Central Library Central Library First floor 25/03/2010   1 13 543 FUN 000020350 15/07/2025 23/02/2019 Book - Borrowing      
    Dewey Decimal Classification     Baccah Central Library Central Library First floor 25/03/2010   4 34 543 FUN 000020351 15/07/2025 05/05/2016 Book - Borrowing      
    Dewey Decimal Classification     Baccah Central Library Central Library First floor 25/03/2010   2 26 543 FUN 000020352 15/07/2025 23/02/2019 Book - Borrowing      
    Dewey Decimal Classification     Baccah Central Library Central Library First floor 25/03/2010   1 1 543 FUN 000029204 21/10/2024 10/10/2024 CD | DVD - With book      
    Dewey Decimal Classification     Baccah Central Library Central Library First floor 25/03/2010       543 FUN 000020356 24/08/2022   CD | DVD - With book      
    Dewey Decimal Classification     Baccah Central Library Central Library First floor 25/03/2010   1   543 FUN 000020353 24/08/2022 23/01/2014 CD | DVD - With book      
    Dewey Decimal Classification     Baccah Central Library Central Library First floor 25/03/2010       543 FUN 000020355 24/08/2022   CD | DVD - With book      
    Dewey Decimal Classification     Baccah Central Library Central Library First floor 25/03/2010       543 FUN 000020354 24/08/2022   CD | DVD - With book      
    Dewey Decimal Classification     Baccah Central Library Central Library First floor 25/03/2010       543 FUN 000009458 15/07/2025   NB - Book (Non borrowing)      
    Dewey Decimal Classification       Central Library Central Library First floor 28/04/2010       543 FUN 000009632 24/08/2022   CD | DVD - With book      
    Dewey Decimal Classification       Central Library Central Library First floor 28/04/2010       543 FUN 000009634 24/08/2022   CD | DVD - With book      
    Dewey Decimal Classification       Central Library Central Library First floor 28/04/2010       543 FUN 000009633 24/08/2022   CD | DVD - With book Lost In Inventory_2015-8-23    
    Dewey Decimal Classification     Baccah Central Library Central Library First floor 18/04/2011       543 FUN 000023248 15/07/2025   Book - Borrowing   260.00 12026
    Dewey Decimal Classification     Baccah Central Library Central Library First floor 18/04/2011       543 FUN 000023249 24/08/2022   CD | DVD - With book